000 00610nam a2200241Ia 4500
003 OSt
005 20220918193242.0
006 a|||||r|||| 00| 0
007 ta
008 220917b |||||||| |||| 00| 0 eng d
024 _a72,406
037 _cTextual
040 _aARTS
_cARTS
_beng
041 _2eng
_aeng
082 _aR4, M7
100 _aLetwin Oliver
_981330
245 0 _aEthics emotion and the unity of the self
260 _aLondon
_bCroom Helm
_c1987
300 _ax,132p.
_ccm.
650 _aETHICS
942 _hR4, M7
_cTEXL
_2CC
999 _c198394
_d198394